Statistieken voor Grootste Steden in Japan

Klik hier om de quiz te nemen!

Algemene statistieken

  • Deze quiz is 54 keer genomen
  • De gemiddelde score is 6 van 20

Antwoordstatistieken

PopulationCity% Correct
9,555,919Tokio
100%
2,725,006Osaka
79%
1,468,980Kyoto
64%
1,199,252Hiroshima
60%
1,966,416Sapporo
52%
1,527,407Kobe
43%
2,320,361Nagoya
36%
3,740,172Yokohama
36%
1,579,450Fukuoka
29%
1,088,669Sendai
17%
800,582Niigata
14%
1,516,483Kawasaki
10%
721,329Okayama
7%
1,295,607Saitama
7%
977,247Chiba
5%
794,025Hamamatsu
5%
945,595Kitakyushu
5%
739,556Kumamoto
2%
723,012Sagamihara
0%
831,017Sakai
0%

Scoreverdeling

Percentiel versus Aantal Correcte Antwoorden

Procent van Mensen met Elke Score

Uw Scoregeschiedenis

U heeft deze quiz nog niet genomen